Adventure Time Characters by Pictures - Statistics

General Stats
  • This quiz has been taken 1,102 times
  • The average score is 14 of 20
Answer Stats
Picture Answer % Correct
Finn
99%
Jake
99%
Ice King
95%
Princess Bubblegum
94%
BMO
93%
Marceline
87%
Flame Princess
84%
Lemongrab
75%
Lumpy Space Princess
75%
Gunther
72%
The Lich
69%
Lady Rainicorn
67%
Peppermint Butler
63%
Tree Trunks
61%
Fern
55%
Prismo
55%
Susan Strong
52%
Betty
49%
Cinnamon Bun
48%
Neptr
38%
No matching quizzes found
Score Distribution
Percent of People with Each Score
Percentile by Number Answered
Your Score History
You have not taken this quiz